000 00322nam a2200133 i 4500
001 bg
100 1 _aCSIKOS-NAGY, Bela
245 0 _aSocjalistyczna polityka ekonomiczna /
_cBela Csikos-Nagy.
260 _aWarszawa,
_c1976.
040 _cBPK
041 _apol
942 _cKS
008 s pl f |000 0 pol
999 _c17419
_d17419
856 _uhttp://koha.tu.koszalin.pl/cgi-bin/koha/opac-detail.pl?biblionumber=17419
_yKatalog online BPK